000 01004nam a22002897a 4500
001 5540
003 FISKH
005 20241217111437.0
008 241217b cb ||||| |||| 00| 0 eng d
020 _a0590623966
040 _aFISKH
_beng
_cFISKH
_dFISKH
050 _aPS3515.U274
082 _a811.52
100 _aHughes, Langston
245 _aThe dream keeper and other poems /
_cby Langston Hughes : illustrated by Brian Pinkney
250 _aFirst Scholastic printing, January 1996
260 _aNew York :
_bScholastic ;
_c1994.
300 _a83 pages :
_bcolor illustrations ;
_c24 cm .
505 _aS
520 _aA collection of sixty-six poems, selected by the author for young readers, including lyrical poems, songs, and blues, many exploring the black experience.
521 8 _a790
_bLexile estimate
521 8 _aS
_bRaz-Plus
650 _aAfrican American poetry
_vFiction
700 _aPinkney, Brian
_eillustrator
942 _2ddc
_cBK
_n0
999 _c5540
_d5540